| 000 | 00000nam##2200000za#4500 |
| 001 | 9.678346 |
| 003 | CaOODSP |
| 005 | 20250506145324 |
| 007 | ta |
| 008 | 150407|1992||||xxc||||| f|0| 0 fre|d |
| 020 | |a0-662-97191-4 |
| 040 | |aCaOODSP|bfre |
| 043 | |an-cn--- |
| 086 | 1 |aA63-1877/1992F |
| 110 | 1 |aCanada.|bAgriculture Canada. |
| 245 | 10|aGuide de l'amélioration génétique des porcins / |cpar Robert M. McKay, Station de recherches, Brandon (Manitoba). |
| 260 | |aOttawa - Ontario : |bAgriculture Canada |c1992. |
| 300 | |a54p. : |bfigures, tableaux ; |c23 cm. |
| 500 | |aSommaire: Répartition des races au Canada.--Amélioration génétique.--Méthodes de sélection.--Croisements.--Défauts et anomalies génériques.--Consanguinité.--De la théorie à la pratique.--Glossaire. |
| 563 | |aCouverture souple |
| 590 | |a92-33|b1992-08-14 |
| 720 | 1 |aMcKay, Robert M. |
| 775 | 08|tPractical guide to swine breeding / |w(CaOODSP)9.644515 |
| 776 | 0#|tGuide de l'amélioration génétique des porcins |w(CaOODSP)9.641061 |
| 986 | |aPublication 1877/F |